000 00407nam a2200133 a 4500
001 000039930
005 20201002033820.0
008 130730s1950 sp a 000 0 spa d
040 _aDO-SdBNP
_bspa
_cBNPHU
245 1 4 _aLos tesoros perdidos de europa /
_cCompilador Henry la Farge.
260 _aBarcelona :
_bSeix Barral,
_c1950.
300 _a427 :
_bils. ;
_c28 cm.
700 1 _aLa Farge, Henry,
_ecomp.
_966137
999 _c39420
_d39420